La pasión según un hombre cualquiera /

Martín Mérida (1964), escritor, profesor e investigador chiapaneco nacido en Motozintla de Mendoza y radicado en Guadalajara desde 1998. Profesor universitario en el ITESM, campus Guadalajara, ha sido becario del Fondo Estatal para la Cultura y las Artes de Chiapas. Ha obtenido el Premio Nacional de...

תיאור מלא

שמור ב:
מידע ביבליוגרפי
מחבר ראשי: Mérida, Martín (autor)
פורמט: ספר
שפה:ספרדית
יצא לאור: Guadalajara, México : Mantis, 2002, c2002
נושאים:
תגים: הוספת תג
אין תגיות, היה/י הראשונ/ה לתייג את הרשומה!

MARC

LEADER 00000nam^a2200000^a^4500
001 000141974
005 20250521000000.0
009 20260310095632.58
020 |a 968-7859-26-1 
037 |a Acervo ITESO - Biblioteca 
041 |a ESP 
082 |a 861.  |b MER 
100 |a Mérida, Martín  |e (autor) 
245 1 3 |a La pasión según un hombre cualquiera /  |c M. Mérida. 
264 4 |a Guadalajara, México :  |b Mantis,  |c 2002, c2002 
300 |a 96 p. 
336 |a texto  |b txt  |2 rdacontenido 
337 |a sin mediación  |b n  |2 rdamedio 
338 |a volumen  |b nc  |2 rdasoporte 
520 |a Martín Mérida (1964), escritor, profesor e investigador chiapaneco nacido en Motozintla de Mendoza y radicado en Guadalajara desde 1998. Profesor universitario en el ITESM, campus Guadalajara, ha sido becario del Fondo Estatal para la Cultura y las Artes de Chiapas. Ha obtenido el Premio Nacional de Poesía Universidad de Monterrey de 1999, los Juegos Florales Nacionales Amado Nervo de 2003 de la Universidad de Autónoma de Nayarit y el premio para la publicación de novela convocado por el Consejo Estatal para la Cultura y las Artes de Jalisco en 2005. Entre sus obras tenemos: los poemarios Donde convoca el alma (1996); El milagro de tu voz distinta (1999); La pasión según un hombre cualquiera (2002); El país de la mirada (2003) y su primera novela El poeta y el niño de la piedra (2005). 
649 |a XX 
650 |a Poesía Mexicana 
650 |a Literatura Mexicana -  |y Siglo XXI 
910 |a Fondo General 
920 |a Impresos - Libros 
930 |a Colección General 
940 |a Literatura 
905 |a 101 
901 |a 0500070613  |b IT1  |c LIT  |u 20250521 
901 |a 0500160083  |b IT1  |c LIT  |u 20250521 
902 |a https://opac.biblio.iteso.mx/vufind/Record/000141974